Central Library OPAC University of Rajshahi

The unknown Ajax / (Record no. 18297)

MARC details
000 -LEADER
fixed length control field 00749cam a22002651 4500
001 - CONTROL NUMBER
control field 18297
003 - CONTROL NUMBER IDENTIFIER
rucl marc code BD-RjUL
005 - DATE AND TIME OF LATEST TRANSACTION
control field 20211209000251.0
008 - FIXED-LENGTH DATA ELEMENTS--GENERAL INFORMATION
fixed length control field 140220r19681959nyu 000 1 eng d
035 ## - SYSTEM CONTROL NUMBER
System control number (BD-RjUL)18355
System control number (OCoLC)1444974
040 ## - CATALOGING SOURCE
Original cataloging agency DLC
Transcribing agency FO
Modifying agency OCoLC
-- DLC
-- BD-RjUL
Language of cataloging eng
041 ## - LANGUAGE CODE
Language code of text/sound track or separate title eng
082 00 - DEWEY DECIMAL CLASSIFICATION NUMBER
Classification number 823.9
Author mark and year HEU 1968
100 1# - MAIN ENTRY--PERSONAL NAME
Personal name Heyer, Georgette,
Dates associated with a name 1902-1974.
9 (RLIN) 56328
245 14 - TITLE STATEMENT
Title The unknown Ajax /
Statement of responsibility, etc. Georgette, Heyer,
250 ## - EDITION STATEMENT
Edition statement Uniforme Edition
260 ## - PUBLICATION, DISTRIBUTION, ETC. (IMPRINT)
Place of publication, distribution, etc. New York :
Name of publisher, distributor, etc. Putnam,
Date of publication, distribution, etc. c1959 [Uniforme Ed. 1968]
300 ## - PHYSICAL DESCRIPTION
Pagination 313 p. ;
Size 22 cm.
650 #0 - SUBJECT ADDED ENTRY--TOPICAL TERM
Topical term or geographic name as entry element Fiction
9 (RLIN) 56329
942 ## - ADDED ENTRY ELEMENTS (KOHA)
Source of classification or shelving scheme Dewey Decimal Classification
Koha item type Books
Holdings
Lost status Source of classification or shelving scheme Damaged status Not for loan Collection code Permanent Location Current Location Shelving location Date acquired Source of acquisition Cost, normal purchase price Total Checkouts Full call number Date last seen Copy number Koha item type
  Dewey Decimal Classification   Not For Loan Fiction Central Library, University of Rajshahi Central Library, University of Rajshahi Reading Room 15/12/1969 Zeit 0.25   823.9 HEU 1968 20/02/2014 C-1 Books